izna Discography - Statistics

General Stats
  • This quiz has been taken 26 times
  • The average score is 11 of 12
Answer Stats
Answer % Correct
DRIP
100%
IZNA
100%
Mamma Mia
100%
Racecar
95%
SIGN
95%
BEEP
90%
IWALY
90%
TIMEBOMB
90%
Supercrush
85%
FAKE IT
80%
In the Rain
80%
SASS
75%
No matching quizzes found
Score Distribution
Percent of People with Each Score
Percentile by Number Answered
Your Score History
You have not taken this quiz